| 000 | 00410cam a2200169ua 4500 | ||
|---|---|---|---|
| 020 | _c2.25 | ||
| 041 |
_amal _h |
||
| 082 |
_a894.812308 _bMOI/AV |
||
| 100 | _aMoidu, Padiyath . | ||
| 245 |
_aAvasanathe kazhcha / _cMoidu padiyath. _hTextual Documents |
||
| 260 |
_aThrissur : _bAmina book stall , _c1961. |
||
| 300 | _a202 ; . | ||
| 365 | _a2.25 | ||
| 504 | _a | ||
| 942 | _cBK | ||
| 999 |
_c5003 _d5003 |
||